000 00751nam a2200253 4500
001 240026
003 DO-SdBNP
005 20180131102017.0
007 240026
008 160318b 2001 nyu a ||||| |||| 00| 0 spa d
020 _a0439272637
040 _aBPMSU
_bspa
_cBPMSU
092 _axxxxx
_bxxxxx
100 1 _aSnicket, Lemony.
245 1 0 _aThe miserable mill /
_cLemony Snicket ; illustrations by Brett Helquist.
260 _aNew York :
_bScholastic,
_c2000.
_g2001
300 _a194 p. :
_bil. ;
_c19 cm.
490 1 _aA series of unfortunate events
_v4
700 1 2 _aHelquist, Brett,
_eil.
830 0 _aA series of unfortunate events ;
_v4
942 _2ddc
_cBK
945 _aInventariado, 2018 /LP
956 _aLOPEREZ
_b10
_c20160722
999 _c9318
_d9318